000 00436nam a2200181Ia 4500
001 18828
005 20260306171659.0
008 260306s9999||||xx |||||||||||||| ||und||
041 _aESP
082 _a658.5
_bP42
100 _aPeña Esteban, Francisco de la
_eAUT
245 0 _aDirección de la producción
260 _c2011
300 _a333 páginas :
_c24 cm.
650 _aGEN
654 _aCAN
942 _cLIB
_dJUS
_fJUS
_2ddc
_n
999 _c18828
_d18828